Teoría y cálculo de costos industriales (Registro nro. 14595)
[ vista simple ]
| 000 -CABECERA | |
|---|---|
| Longitud fija campo de control | 00574nam a22002057a 4500 |
| 003 - IDENTIFICADOR DELl NÚMERO DE CONTROL | |
| Identificador del número de control | OSt |
| 005 - FECHA Y HORA DE LA ÚLTIMA TRANSACCIÓN | |
| Fecha y hora de la última transacción | 20141028084027.0 |
| 008 - CÓDIGOS DE INFORMACIÓN DE LONGITUD FIJA | |
| Códigos de información de longitud fija | 141013b xxu||||| |||| 00| 0 eng d |
| 020 ## - NÚMERO INTERNACIONAL NORMALIZADO PARA LIBROS | |
| Número Internacional Normalizado para Libros (ISBN) | 968-18-3278-7 |
| 040 ## - FUENTE DE LA CATALOGACIÓN | |
| Centro transcriptor | BMC |
| 082 ## - NÚMERO DE LA CLASIFICACIÓN DECIMAL DEWEY | |
| Númeroo de clasificación | 658.1553 |
| 100 1# - PUNTO DE ACCESO PRINCIPAL-NOMBRE DE PERSONA | |
| 9 (RLIN) | 26575 |
| Nombre de persona | Páramo Merino, Rafael |
| 245 1# - MENCIÓN DE TÍTULO | |
| Título | Teoría y cálculo de costos industriales |
| Mención de responsabilidad, etc. | Rafael Páramo Merino |
| 250 ## - MENCIÓN DE EDICIÓN | |
| Mención de edición | 1ª ed. reimp |
| 260 ## - PUBLICACIÓN, DISTRIBUCIÓN, ETC. (PIE DE IMPRENTA) | |
| Lugar de publicación, distribución, etc. | México D.F. [etc.] |
| Nombre del editor, distribuidor, etc. | Limusa |
| Fecha de publicación, distribución, etc. | 1992 |
| 300 ## - DESCRIPCIÓN FÍSICA | |
| Extensión | 326 p. |
| Dimensiones | 23 cm |
| 490 ## - MENCIÓN DE SERIE | |
| Mención de serie | Ingeniería industrial |
| 650 24 - PUNTO DE ACCESO ADICIONAL DE MATERIA - TÉRMINO DE MATERIA | |
| 9 (RLIN) | 26574 |
| Término de materia o nombre geográfico como elemento inicial | Costes de producción |
| 942 ## - ENTRADA DE ELEMENTOS AGREGADOS (KOHA) | |
| Fuente de clasificaión o esquema | Dewey Decimal Classification |
| Koha [por defecto] tipo de item | 1- Monografias |
| Suprimido | Perdido | Fuente de clasificación o esquema | Estropeado | Restricciones de uso | No para préstamo | Código de colección | Localización permanente | Localización actual | Localización en estanter&íacute;as | Fecha adquisición | Fuente de adquisición | Número de inventario | Préstamos totales | Signatura completa | Código de barras | Fecha última consulta | Fecha último préstamo | Fecha del precio de reemplazo | Tipo de item de Koha |
|---|---|---|---|---|---|---|---|---|---|---|---|---|---|---|---|---|---|---|---|
| NULL | NULL | Dewey Decimal Classification | NULL | Prestable | NULL | NULL | Biblioteca Miguel de Cervantes - UNICAES | Biblioteca Miguel de Cervantes - UNICAES | Sala Principal | 20/10/1997 | Donación - ICU | 023065 | 5 | 658.1553 PAR teo | 1023523 | 31/01/2017 | 31/01/2017 | 14/10/2014 | 1- Monografias |
| NULL | NULL | Dewey Decimal Classification | NULL | Prestable | NULL | NULL | Biblioteca Miguel de Cervantes - UNICAES | Biblioteca Miguel de Cervantes - UNICAES | Sala Principal | 20/10/1997 | Donación - ICU | 023066 | 658.1553 PAR teo | 1023524 | 14/10/2014 | 14/10/2014 | 1- Monografias |